000 00501ntaaa2200193 4500
003 01
005 20251027202841.0
008 0714s1973 ag 01
040 _aAR-BaBN
_bspa
_cAR-BaBN
_eaacr
_dRIC
082 _a268.7000 G87t
100 _aGriffis, Sue Randolph
_929123
245 _aTapestry
250 _a1 ed.
260 _aCincinnati :
_bStandard Publishing Company,
_cc1940
300 _a176 p
650 _aculto-jóvenes
_929124
650 _aescuela dominical-jóvenes
_920682
942 _cBK
999 _c23884
_d23884